First and Last 25 Countries Alphabetically in English - Statistics

General Stats
  • This quiz has been taken 1,407 times
  • The average score is 38 of 50
Answer Stats
Answer % Correct
Zimbabwe
96%
Zambia
95%
Azerbaijan
90%
Albania
89%
Australia
89%
Andorra
88%
Armenia
88%
Austria
87%
Yemen
87%
Algeria
86%
Afghanistan
85%
Angola
84%
United Kingdom
84%
United States
84%
Antigua and Barbuda
83%
Venezuela
82%
Argentina
81%
Belgium
81%
Vanuatu
80%
Turkmenistan
77%
Uzbekistan
77%
Vietnam
77%
Bahamas
76%
Turkey
76%
Uganda
76%
United Arab Emirates
76%
Bahrain
75%
Barbados
75%
Uruguay
75%
Vatican City
75%
Belize
74%
Benin
74%
Bolivia
74%
Brazil
73%
Botswana
72%
Tuvalu
72%
Bhutan
71%
Bangladesh
70%
Belarus
69%
Brunei
69%
Tajikistan
69%
Togo
68%
Tonga
68%
Bosnia and Herzegovina
67%
Ukraine
66%
Thailand
65%
Trinidad and Tobago
65%
Tanzania
63%
Tunisia
56%
Taiwan
52%
No matching quizzes found
Score Distribution
Percent of People with Each Score
Percentile by Number Answered
Your Score History
You have not taken this quiz